The apostle : (Record no. 9920)
[ view plain ]
| 000 -LEADER | |
|---|---|
| fixed length control field | 00831nam a2200277Ki 4500 |
| 001 - CONTROL NUMBER | |
| control field | 605002398 |
| 003 - CONTROL NUMBER IDENTIFIER | |
| control field | OCoLC |
| 005 - DATE AND TIME OF LATEST TRANSACTION | |
| control field | 20210205122410.0 |
| 008 - FIXED-LENGTH DATA ELEMENTS--GENERAL INFORMATION | |
| fixed length control field | 100408s1972 ilua 000 0beng d |
| 020 ## - INTERNATIONAL STANDARD BOOK NUMBER | |
| International Standard Book Number | 0882072331 |
| 020 ## - INTERNATIONAL STANDARD BOOK NUMBER | |
| International Standard Book Number | 9780882072333 |
| 035 ## - SYSTEM CONTROL NUMBER | |
| System control number | (OCoLC)605002398 |
| 040 ## - CATALOGING SOURCE | |
| Original cataloging agency | CIRBC |
| Transcribing agency | CIRBC |
| 050 14 - LIBRARY OF CONGRESS CALL NUMBER | |
| Classification number | BS2506 |
| Item number | .P776A |
| 082 ## - DEWEY DECIMAL CLASSIFICATION NUMBER | |
| Item number | P776A |
| 092 ## - LOCALLY ASSIGNED DEWEY CALL NUMBER (OCLC) | |
| Classification number | 225.92 |
| Item number | P776A |
| 100 1# - MAIN ENTRY--PERSONAL NAME | |
| Personal name | Pollock, John, |
| Dates associated with a name | 1924-2012. |
| 245 14 - TITLE STATEMENT | |
| Title | The apostle : |
| Remainder of title | a life of Paul / |
| Statement of responsibility, etc. | John Pollock. |
| 260 ## - PUBLICATION, DISTRIBUTION, ETC. | |
| Place of publication, distribution, etc. | Colorado Springs, CO : |
| Name of publisher, distributor, etc. | Victor Books, |
| Date of publication, distribution, etc. | 1969. |
| 300 ## - PHYSICAL DESCRIPTION | |
| Extent | 311 p. : |
| Other physical details | maps ; |
| Dimensions | 21 cm. |
| 500 ## - GENERAL NOTE | |
| General note | Formerly titled: The man who shook the world. |
| 504 ## - BIBLIOGRAPHY, ETC. NOTE | |
| Bibliography, etc. note | Bibliographical references included in "Notes": p. 309-311. |
| 600 00 - SUBJECT ADDED ENTRY--PERSONAL NAME | |
| Personal name | Paul, |
| Titles and other words associated with a name | the Apostle, Saint. |
| 740 02 - ADDED ENTRY--UNCONTROLLED RELATED/ANALYTICAL TITLE | |
| Uncontrolled related/analytical title | Man who shook the world. |
| 942 ## - ADDED ENTRY ELEMENTS (KOHA) | |
| Source of classification or shelving scheme | Dewey Decimal Classification |
| Koha item type | Books |
No items available.
